000
00233nam a22000857a 4500
008
160711b xxu||||| |||| 00| 0 eng d
100
_9
2540
_a
Rucker, W.E., et al
245
_a
Heath Mathematics
260
_a
Toronto
_b
D.C.Heath & Com.
_c
1988
999
_c
2206
_d
2206